Expenditures on R&D as the Tool for Development of the Patents in Slovakia Within the Agenda 2030

Analýza vzťahu medzi výdavkami na výskum/vývoj a počtom zaregistrovaných patentov na Slovensku a v Slovinsku ako členských štátov EÚ-27. Závislosť medzi vybranými ukazovateľmi SDG 9 „Priemysel, inovácie a infraštruktúra“. Charakterizovanie vybraných ukazovateľov pre cieľ trvalo udržateľného rozvoja...

Descripción completa

Guardado en:
Detalles Bibliográficos
Autor principal: Kmety Barteková, Mária, 1992-
Formato: Capítulo de libro
Lenguaje:inglés
Materias:
Etiquetas: Agregar Etiqueta
Sin Etiquetas, Sea el primero en etiquetar este registro!

MARC

LEADER 00000naa$a2200000$$$4500
001 0269657
005 20240530070914.5
041 0 |a eng 
044 |a SK 
245 1 0 |a Expenditures on R&D as the Tool for Development of the Patents in Slovakia Within the Agenda 2030  |c Mária Kmety Barteková 
520 |a Analýza vzťahu medzi výdavkami na výskum/vývoj a počtom zaregistrovaných patentov na Slovensku a v Slovinsku ako členských štátov EÚ-27. Závislosť medzi vybranými ukazovateľmi SDG 9 „Priemysel, inovácie a infraštruktúra“. Charakterizovanie vybraných ukazovateľov pre cieľ trvalo udržateľného rozvoja v zmysle SDG 9, analýza vývoja vybraných ukazovateľov, komparácia ukazovateľov dosiahnutých na Slovensku a v Slovinsku k priemeru EÚ-27 a hodnotenie faktorov ovplyvňujúcich vývoj vybraných ukazovateľov. 
610 2 0 |a výdavky na vedu a výskum 
610 2 0 |a podpora vedy a výskumu 
610 2 0 |a licencie patentové 
610 2 0 |a patenty 
610 2 0 |a analýza komparatívna 
610 2 0 |a Slovensko 
610 2 0 |a Slovinsko 
610 2 0 |a Európska únia 
100 1 |a Kmety Barteková, Mária, 1992-